000 00309nam a22001337a 4500
008 171101b xxu||||| |||| 00| 0 eng d
020 _a9780534932497
041 _aeng
080 _23rd
_a33
100 _a59
101 _aBUS
245 _aBUSINESS RESEARCH FOR DECISIOON MAKING
_cDAVIS,D
942 _2udc
_cBK
999 _c36993
_d36993